| 000 | 00692nam a2200217 i 4500 | ||
|---|---|---|---|
| 001 | 50717 | ||
| 003 | ES-MaACL | ||
| 005 | 20230906162227.0 | ||
| 007 | t| | ||
| 008 | 030806s1968 sp ||||1| spa d | ||
| 100 | 1 |
_aChaix-Ruy, Jules. _937807 |
|
| 245 | 1 | 3 |
_aEl superhombre _b: de Nietzsche a Teilhard de Chardin / _cJules Chaix-Ruy ; [tradujo Domingo Riera Duch]. |
| 260 |
_aSalamanca : _bSígueme, _c1968. |
||
| 300 |
_a311 p. ; _c22 cm. |
||
| 490 | 1 |
_aColección "Dos Puntos" ; _v4 |
|
| 650 | 4 |
_aSuperhombre. _9147358 |
|
| 700 | 1 |
_aRiera Duch, Domingo. _997122 |
|
| 830 | 0 |
_aColección "Dos Puntos" ; _v4 _9230143 |
|
| 852 |
_aES-MaACL _jC-23642 _bR.67067 |
||
| 999 |
_c50717 _d50717 |
||